000 00562nam a2200193Ia 4500
005 20250326141944.0
008 250326s9999 xx 000 0 und d
020 _a81-224-0051-5
037 _aTextbook
040 _aFMSL
_beng
_cFMSL
041 _aeng
_2eng
084 _aX8(F).44 M8
_qFMSL
100 _aDesai Ashok V Ed.
_9312272
245 0 _aTechnology absorlton in Indian Industry
_cDesai Ashok V Ed.
260 _aNew Delhi
_bNew Delhi, Wiley Eastern
_c1988
300 _ax,210
942 _cTB
_hX8(F).44 M8
999 _c1292779
_d1292779